00254nam a2200109Ia 4500008004100000100002200041245002700063250000900090260002900099300000800128650000800136191201s2009 xx 000 0 und d aRamchandran, K.K. 0aBusiness Communication aRep. aN.DelhibMacmillanc2009 a303 aMBA